-čo sa mňa týka

Bibliographic Details
Main Author: Závadová, Danka, 1979- (Author)
Format: Article
Language:Slovak
ISSN:1210-2210
Subjects:

MARC

LEADER 00000nab a2200000 a 4500
001 vtls000765484
003 SK-MaSNL
005 20260304142729.0
008 250505c2001 xo 0 slo
015 |a SNBRB2001/08-24065 
035 |a CLN000117271 
035 |a urn:nbn:sk:snk-abbui9 
035 |a (urnnbn)urn:nbn:sk:snk:ar-003jf0 
035 |a (uuid)457aa72a-54ba-4953-9c17-42cc1b3dae79 
040 |a SNKBUCL  |b slo  |c SNKBUCL  |e AACR2 
041 0 |a slo 
044 |a xo  |c SK 
080 |a 82.09:885.4-3(048)  |2 1997 
080 |a 885.4-3(048)  |2 1997 
100 1 |a Závadová, Danka,  |d 1979-  |4 aut  |9 108583 
245 1 0 |a -čo sa mňa týka  |c Dana Závadová 
650 0 7 |a mikropoviedky, slovenské  |x recenzie  |2 snkbucl  |9 13330 
655 7 |a články z novín a časopisov  |2 snkbucl  |9 267496 
773 0 |t Dotyky  |g Roč. 13, č. 1 (2001), s. 83  |x 1210-2210 
787 0 8 |i Rec.:  |a Kováč, Mišo, 1981-  |t Čo sa nás týka  |d Bratislava : Vydavateľstvo Spolku slovenských spisovateľov, 2000  |z 8080610959 
850 |a Slovenská národná knižnica 
852 |a Slovenská národná knižnica 
958 |a article15 
958 |a LX 
958 |a SK 
958 |a RC 
958 |a OND 
958 |a EUIPO 
992 |a RBX 
999 |c 2922613  |d 2924543